Statistics for British Colonies by Flag

Click here to take the quiz!

General Stats

  • This quiz has been taken 8 times
  • The average score is 4 of 16

Answer Stats

Answer% Correct
Sultanate of Egypt
100%
Bechuanaland Protectorate
43%
Ceylon
43%
Cyprus
29%
Dominion of Ireland
29%
South Africa Company
29%
Uganda
29%
Bengal Presidency
14%
Bombay
14%
Delhi Territory
14%
Labrador
14%
Madras Presidency
14%
North Borneo
14%
Punjab Agency
14%
United States of the Ionian Islands
14%
Protectorate of Somalia
0%

Score Distribution

Percentile by Number Answered

Percent of People with Each Score

Your Score History

You have not taken this quiz